header

The faith of Barack Obama / (Record no. 250271)

MARC details
000 -LEADER
fixed length control field 01161cam a2200313 a 4500
001 - CONTROL NUMBER
control field 15308441
003 - CONTROL NUMBER IDENTIFIER
control field OSt
005 - DATE AND TIME OF LATEST TRANSACTION
control field 20151007162651.0
008 - FIXED-LENGTH DATA ELEMENTS--GENERAL INFORMATION
fixed length control field 080528s2008 tnua b 000 0deng
010 ## - LIBRARY OF CONGRESS CONTROL NUMBER
LC control number 2008023371
020 ## - INTERNATIONAL STANDARD BOOK NUMBER
International Standard Book Number 9781595552501
040 ## - CATALOGING SOURCE
Original cataloging agency DLC
Transcribing agency DLC
Modifying agency DLC
043 ## - GEOGRAPHIC AREA CODE
Geographic area code n-us---
050 00 - LIBRARY OF CONGRESS CALL NUMBER
Classification number E901.1.O23
Item number M36 2008
082 00 - DEWEY DECIMAL CLASSIFICATION NUMBER
Classification number 328.73092
-- B
Edition number 22
100 1# - MAIN ENTRY--PERSONAL NAME
Personal name Mansfield, Stephen,
Dates associated with a name 1958-
245 14 - TITLE STATEMENT
Title The faith of Barack Obama /
Statement of responsibility, etc Stephen Mansfield.
260 ## - PUBLICATION, DISTRIBUTION, ETC. (IMPRINT)
Place of publication, distribution, etc Nashville, Tenn. :
Name of publisher, distributor, etc Thomas Nelson Publishers,
Date of publication, distribution, etc 2008.
300 ## - PHYSICAL DESCRIPTION
Extent xxiii, 164 p. :
Other physical details ill. ;
Dimensions 21 cm.
504 ## - BIBLIOGRAPHY, ETC. NOTE
Bibliography, etc Includes bibliographical references (p. 157-158).
600 10 - SUBJECT ADDED ENTRY--PERSONAL NAME
Personal name Obama, Barack
General subdivision Religion.
650 #0 - SUBJECT ADDED ENTRY--TOPICAL TERM
Topical term or geographic name as entry element Presidential candidates
Geographic subdivision United States
Form subdivision Biography.
Topical term or geographic name as entry element Legislators
Geographic subdivision United States
Form subdivision Biography.
Topical term or geographic name as entry element Religion and politics
Geographic subdivision United States
Form subdivision Case studies.
856 41 - ELECTRONIC LOCATION AND ACCESS
Materials specified Table of contents only
Uniform Resource Identifier <a href="http://www.loc.gov/catdir/toc/ecip0819/2008023371.html">http://www.loc.gov/catdir/toc/ecip0819/2008023371.html</a>
906 ## - LOCAL DATA ELEMENT F, LDF (RLIN)
a 7
b cbc
c orignew
d 1
e ecip
f 20
g y-gencatlg
942 ## - ADDED ENTRY ELEMENTS (KOHA)
Source of classification or shelving scheme Library of Congress Classification
Koha item type Long Loan Books
Holdings
Withdrawn status Lost status Source of classification or shelving scheme Damaged status Not for loan Collection code Home library Current library Shelving location Date acquired Total Checkouts Total Renewals Full call number Barcode Date last seen Date checked out Price effective from Koha item type
    Library of Congress Classification     Fiction Rongo University Library Rongo University Library General Stacks 07/10/2015 5 1 E901.1.O23 M36 2008 20153886 21/11/2025 22/10/2025 07/10/2015 Long Loan Books

© 2026 Rongo University
Contact us: librarian | system librarian | Rongo university